| 000 | 00980nam a2200229 a 4500 | ||
|---|---|---|---|
| 005 | 20251210064038.0 | ||
| 008 | 991125s1994 mx 000 0 spa u | ||
| 020 | _a9700300447 | ||
| 035 | _aUPN01000027029 | ||
| 049 | _aLT | ||
| 050 | 4 |
_aLB1555 M6.5 _bM4.3 1994 LE |
|
| 100 | 1 |
_aMoreno Aguilar, Arcadio _929391 |
|
| 245 | 1 | 0 |
_aGuía práctica : _bquinto grado / _cpor Francisco Méndez Gutiérrez, Arcadio Moreno Aguilar, Ma. Antonieta Malváez Silva |
| 260 |
_aMéxico : _bFernández, _c1994 |
||
| 300 |
_a404 p. : _bil. |
||
| 500 | _a"Conceptos básicos, ejercicios y actividades para los alumnos de quinto grado : español, matemáticas, ciencias naturales, historia, geografía, educación cívica" | ||
| 500 | _a"De acuerdo con los contenidos básicos del programa para la modernización educativa, elaborado por la SEP" | ||
| 650 | 4 |
_aEducación primaria _91552 |
|
| 700 | 1 |
_aMalváez Silva, María Antonieta, _ecoaut. _929108 |
|
| 904 |
_aAC _b027030 |
||
| 905 | _aLibro | ||
| 999 |
_c27029 _d27029 |
||